000 00753nam a2200217Ii 4500
001 746
003 CO-ViMGA
008 241108s9999||||xx |||||||||||||| ||und||
020 _a8434209802
040 _aCO-ViMGA
_bspa
_erda
_cCO-ViMGA
041 0 _aspa
082 0 4 _a741.24 P17a
100 1 _aJosé María Parramón Vilasaló
_949004
245 1 0 _aAsí se pinta con lápices de colores :
_blos materiales, las técnicas, la teoría y la práctica del Arte de pintar con lápices de colores
264 1 _a[Lugar de publicación no identificado] : Parramón, 2003
300 _avolumen
336 _atext
_btxt
_2rdacontent
337 _aunmediated
_bn
_2rdamedia
338 _avolume
_bnc
_2rdacarrier
940 _aidficha_siabuc: 730. -- ficha_no_siabuc:746
999 _c43647
_d43647